| 000 -LEADER |
| fixed length control field |
00364nam a2200145Ia 4500 |
| 008 - FIXED-LENGTH DATA ELEMENTS--GENERAL INFORMATION |
| fixed length control field |
200615s9999||||xx |||||||||||||| ||und|| |
| 020 ## - INTERNATIONAL STANDARD BOOK NUMBER |
| International Standard Book Number |
9788121926089 |
| 082 ## - DEWEY DECIMAL CLASSIFICATION NUMBER |
| Classification number |
581 |
| Item number |
ATE-R |
| 100 ## - MAIN ENTRY--PERSONAL NAME |
| Personal name |
R.C. DUBEY, |
| 245 #2 - TITLE STATEMENT |
| Title |
A TEXTBOOK OF BIOTECHNOLOGY |
| 250 ## - EDITION STATEMENT |
| Edition statement |
PAPERBACK; 2007-12-01 |
| 260 ## - PUBLICATION, DISTRIBUTION, ETC. |
| Place of publication, distribution, etc. |
NEW DELHI |
| Name of publisher, distributor, etc. |
S CHAND & CO LTD |
| Date of publication, distribution, etc. |
2017 |
| 300 ## - PHYSICAL DESCRIPTION |
| Extent |
602 |
| 942 ## - ADDED ENTRY ELEMENTS (KOHA) |
| Koha item type |
Book |